| 000 | 01227nam a22003737a 4500 | ||
|---|---|---|---|
| 003 | CHAP | ||
| 005 | 20220329133028.0 | ||
| 008 | 971013s1990 r 00010 d | ||
| 010 | _a1421 | ||
| 011 | _a2393 | ||
| 035 | _a1587 | ||
| 040 | _cCHAP | ||
| 090 | _aTesis | ||
| 100 | 0 | 0 |
_aTapia Velázquez, Juan Manuel. _9111664 |
| 245 | _aNormales agroclimáticas del estado de Chiapas | ||
| 260 |
_aChapingo, Méx. : _bLos autores, _c1990 |
||
| 300 |
_a104 h. _e+ Anexo |
||
| 500 | _a41-192 | ||
| 502 | _aTesis (Ing. Agr. Esp. en Irrigación) -- UACH. Departamento de Irrigación | ||
| 590 |
_aALEPH _b10 _c20130110 _lUCH01 _h1208 |
||
| 590 |
_aBATCH-UPD _b10 _c20130110 _lUCH01 _h1350 |
||
| 590 |
_aBATCH-UPD _b10 _c20130410 _lUCH01 _h0847 |
||
| 590 |
_aBATCH-UPD _b10 _c20130914 _lUCH01 _h0949 |
||
| 590 |
_aCONVERSION _b10 _c20130109 _lUCH01 _h1302 |
||
| 650 | 1 | 4 |
_aClima _zChiapas. _923849 |
| 650 | 1 | 4 |
_aClimatología. _923864 |
| 650 | 1 | 4 |
_aCultivos y clima. _930392 |
| 650 | 1 | 4 |
_aProcesamiento automático de datos en climatología. _991766 |
| 650 | 1 | 4 |
_aTiempo (Atmosférico) _9113048 |
| 700 | 0 |
_aMendoza Palacios, Juan de Dios. _974712 |
|
| 901 | _aBK | ||
| 942 | _cTESIS | ||
| 949 |
_bBC _cTES _d-11074 _eTS1 _h23874 _i1587 _si |
||
| 999 |
_c1421 _d1421 |
||